Тодор Панайотов (Запис номер 211617)
[ съкратено ]
| 000 -Лидер | |
|---|---|
| Контролно поле с фиксирана дължина | 02683nkm a2200529 c 4500 |
| 003 - Код на организацията, давaща контролен номер | |
| Контролно поле | BLK |
| 005 - Дата и час на последна редакция | |
| Контролно поле | 20231030121349.0 |
| 008 - Елементи от данни с фиксирана дължина | |
| fixed length control field | 180413b bul rap|r|||| r0| ||bulo| |
| 010 ## - Наследен системен номер | |
| LC control number | KNG00186066000 |
| 020 ## - Международен стандартен номер на книга ISBN | |
| Международен стандартен номер на книга ISBN | 978-954-8718-24-0 |
| 040 ## - Източник на каталожния запис | |
| Идентификатор на билиотеката - собственик на записа | BLK |
| 041 ## - Код за език | |
| Код за езика на текст/звукозапис или на отделно заглавие | Български |
| Код за езика КДБФ | Български |
| Други езици | Английски |
| 072 #7 - Код за тематичната категория | |
| Код организация | bullib |
| Код за тематична категория | Н70 |
| Текст | Изкуства Н |
| 080 ## - УДК | |
| Текстов определител УДК | Живопис - художници |
| УДК код - определител по УДК | 75.071.1 |
| УДК определител | (497.2)(092)(084) |
| УДК - код + определител | 75.071.1(497.2)(092)(084) |
| 080 ## - УДК | |
| Текстов определител УДК | Български график |
| УДК код - определител по УДК | 929 Панайотов, Тодор Михайлов |
| УДК - код + определител | 929 Панайотов, Тодор Михайлов |
| 139 ## - Редно поле | |
| Редна дума | Панайотов, Тодор Михайлов |
| Авторски знак | Пан - П 17 |
| 245 10 - Сведения за заглавието | |
| Заглавие | Тодор Панайотов |
| Редно поле (дума) | Тодор Михайлов Панайотов; представен от Ружа Лазарова Маринска; прев. на англ. Тодор Крумов Шопов; фотогр. Атанас Кънчев. |
| 246 11 - Различни форми на заглавието | |
| Паралелно заглавие | Todor Panayotov |
| 257 ## - Страна на издаване | |
| Страна на създаване/издаване | България |
| 260 ## - Област на издателските данни | |
| Име на издателя, разпространителя и проч. | Нац. дарителски фонд 13 века България |
| Година на издаване | 2015 |
| Печатница | София : Унив. изд. Св. Климент Охридски |
| 300 ## - Физическа характеристика | |
| Страници | 48 с. |
| Илюстрации и др. | с портр., цв. ил. |
| Размери/Мащаб | 22Х23 см |
| 380 ## - Жанр | |
| Жанр | Изкуство |
| 490 1# - СЕРИИ (Колекции) | |
| Име на серия | Съвременно българско изкуство |
| 490 1# - СЕРИИ (Колекции) | |
| Име на серия | Имена |
| 500 ## - Общи забележки | |
| Забележка | Пълното име на ил. е Атанас Кънчев Атанасов. - Имената на прев., ил. отбелязани в изд. каре. - Текст и на англ. ез. |
| 600 14 - Име на лице, използвано като предмет | |
| За него / За нея | Панайотов, Тодор Михайлов |
| 9 (RLIN) | 378186 |
| 650 #4 - Допълнително описание по предмет – тема | |
| Основно описание – тема или топоним | Панайотов, Тодор Михайлов |
| 9 (RLIN) | 378186 |
| 650 #4 - Допълнително описание по предмет – тема | |
| Основно описание – тема или топоним | Художници, български - албуми |
| 9 (RLIN) | 290224 |
| 651 #4 - Допълнително описание по предмет - топоним | |
| Географско понятие | България |
| 9 (RLIN) | 241624 |
| 653 ## - Ключова дума – ненормативна | |
| Ключова дума | Тодор Панайотов |
| 653 ## - Ключова дума – ненормативна | |
| Ключова дума | български художници |
| 653 ## - Ключова дума – ненормативна | |
| Ключова дума | графици |
| 653 ## - Ключова дума – ненормативна | |
| Ключова дума | албуми |
| 659 ## - Тематичен бюлетин | |
| Тематичен бюлетин | Н |
| 700 1# - Други автори (авторска отговорност) | |
| Лично име | Панайотов, Тодор Михайлов |
| 9 (RLIN) | 378186 |
| 700 ## - Други автори (авторска отговорност) | |
| Лично име | Маринска, Ружа Лазарова |
| 9 (RLIN) | 376261 |
| 700 ## - Други автори (авторска отговорност) | |
| Лично име | Шопов, Тодор Крумов |
| Дати, свързани с автора | 1952 - |
| Друга информация | Филолог. Преводач от/на английски език. Автор на поезия |
| 9 (RLIN) | 262015 |
| 700 1# - Други автори (авторска отговорност) | |
| Лично име | Кънчев, Атанас |
| Автороска отговорност (Описва отношението между автора и произведението) | фотогр. |
| 9 (RLIN) | 386902 |
| 720 ## - Неконтролирано име | |
| Паралелен автор | Ruzha Marinska |
| Ключова дума за отношение (Описва отношението между автора и произведението) | паралелен автор |
| 852 ## - Местоположение | |
| Форматна сигнатура | Цб 302708 |
| 856 4# - Електронен адрес и достъп | |
| Електронен формат | pdf - файл |
| Път до файла /url/ | |
| 856 4# - Електронен адрес и достъп | |
| Електронен формат | pdf - файл |
| Път до файла /url/ | |
| 999 ## - СИСТЕМНИ КОНТРОЛНИ НОМЕРА | |
| Koha biblionumber | 211617 |
| Koha biblioitemnumber | 211617 |
| 942 ## - АРТИКУЛИ | |
| Вид на библиотечния материал | Графични издания |
| Скрит в OPAC | Не |
| Периодичен библиозапис | Да |
| 944 ## - СЪЗДАВАНЕ И РЕДАКЦИЯ на ЗАПИСА | |
| Създаване/Редакция | Създаване |
| Дата на регистрацията/редакция | 02.02.2016 |
| Статус, дата на статуса | Геновева Генчева |
| Служител, извършил регистрацията/редакцията | 30560 |
| 944 ## - СЪЗДАВАНЕ И РЕДАКЦИЯ на ЗАПИСА | |
| Създаване/Редакция | Редакция |
| Дата на регистрацията/редакция | 05.07.2016 |
| Статус, дата на статуса | ф / |
| Служител, извършил регистрацията/редакцията | Людмила_Стоянова |
| 999 ## - СИСТЕМНИ КОНТРОЛНИ НОМЕРА | |
| Koha biblioitemnumber | 211617 |
| Код за отписване | Код за изгубен артикул | Източник на класификационната схема | Код за повреда | Коз за рестрикции | Код за отдаване | Артикулен № | Име на библиотеката - собственик | Име на библиотеката, в която се намира в момента | Статус (Текущо местоположение) | Дата на вписване в системата | Местоположение - отдел | Цена в лева | Инвентарен номер | Систематично азбучна сигнатура | Баркод | Номер на екземпляра | Цена в евро | Служебна бележка | Служебен тип на артикула |
|---|---|---|---|---|---|---|---|---|---|---|---|---|---|---|---|---|---|---|---|
| Не е изгубен | Universal Decimal Classification | Не е повреден | без рестрикции | ползва се в читалня | 363561 | Регионална библиотека "Любен Каравелов" Русе | Регионална библиотека "Любен Каравелов" Русе | Хранилище | 2016-02-02 | Хранилище | 23.00 | 120000797340 | Цб 302708 | 120000797340 | 1 | 11.76 | Дост: Dp Вид: Д N: 51 Дата: 02.12.2015 | Графични издания |